Responses for Show #2965 - Friday, June 20, 1997

Contestants

[<< previous game]

Lynda Pinnington, a training consultant from Cambridge, Ontario Canada

Roger Antaki, an Airborne infantry man from Fort Bragg, North Carolina

Chris Szymanski, a farmer from Marathon, Wisconsin (whose 2-day cash winnings total $24,000)

[next game >>]

Jeopardy! Round responses

1999
HOUSES OF WORSHIP
MUSICAL DUOS
WORLD CITIES
JURY DUTY
TEA POTPOURRI
(Alex: Everything you've ever wanted to know about tea is in this category!)
    $100 23
Solar eclipse

Chris
    $100 15
Vikings

Lynda
    $100 16
Simon & Garfunkel

Roger
    $100 6
Barcelona

Chris
    $100 7
Court martial

Chris
    $100 1
Paul Revere

Lynda
    $200 24
Rabbit

Roger
    $200 19
Chicago

Lynda
    $200 18
Seals & Crofts

Triple Stumper
    $200 11
Warsaw

Chris
    $200 8
Perjury

Chris
    $200 2
(C: What is Darjeeling?)

Black tea

ChrisLynda
    $300 25
Arkansas

Roger
    $300 20
Shinto

Roger
    $300 28
The Carpenters

Lynda
    $300 13
Alexandria

Roger
    $300 9
Unanimous

Chris
    $300 3
Lipton

Lynda
    $400 26
[NOTE: He remained the president of Egypt until 2011.]

Hosni Mubarak

Chris
    $400 21
Constantine

Roger
    $400 29
Nelson

Chris
    $400 14
Managua

Chris
    $400 10
Sequestering

Lynda
    $400 4
Caffeine

Chris
    $1,200 27
(C: What is "The War of the Worlds?")
(Alex: I think that was written by H.G. Wells.)

"The Martian Chronicles"

Chris
    $500 22
Synagogue

Triple Stumper
    $500 30
Brooks & Dunn

Triple Stumper
    $500 17
Liverpool

Lynda
    $500 12
Petit jury

Roger
    $500 5
Sri Lanka (Ceylon)

Lynda

Scores at the first commercial break (after clue 15):

Chris Roger Lynda
$1,500 $800 $1,600

Scores at the end of the Jeopardy! Round:

Chris Roger Lynda
$1,200 $2,100 $2,600

Double Jeopardy! Round responses

THE CARIBBEAN
MOVIE ACTORS & ACTRESSES
EDUCATION
HISTORY
FICTIONAL CHARACTERS
LETTERS & NUMBERS
(Alex: In this category, each correct response will be a letter and number combined.)
    $200 6
Coconut

Roger
    $200 10
(C: Who is Frank Sinatra?)

Paul Newman

ChrisLynda
    $200 1
Christopher Columbus

Chris
    $200 8
(L: Who is the White Rabbit?)

The March Hare

Lynda
Triple Stumper
    $200 21
A-1

Chris
    $400 7
Puerto Rico

Roger
    $400 11
(C: Who is Courteney Cox?)

Jennifer Aniston

ChrisLynda
    $400 29
[The end-of-round signal sounds.]

the American Federation of Teachers

Roger
    $400 2
Aztec

Chris
    $400 15
The Artful Dodger

Chris
    $400 22
[SSA: Social Security Administration]

W-2

Chris
    $600 9
Rum

Lynda
    $600 12
"Jane Eyre"

Roger
    $600 28
University of Michigan

Roger
    $600 3
(C: What is Saskatchewan?)

Manitoba

ChrisLynda
    $600 17
Roxanne

Lynda
    $600 23
VH1

Roger
    $800 13
The Grenadines

Roger
    $800 19
"Annie Hall"

Lynda
    $800 27
Kindergarten

Roger
    $800 4
Sicily

Chris
    $800 16
Natty Bumppo

Lynda
    $1,500 24
(we have less than a minute to go in the round...)

G-7

Roger
    $1000 14
Martinique

Roger
    $1000 20
Debbie Harry

Triple Stumper
    $1000 26
Richard Riley

Triple Stumper
    $1000 5
(C: Who is Hammurabi?)
(R: Who is Justinian?)

Draco (Draconian Code of Laws)

ChrisRoger
Triple Stumper
    $1,000 18
(L: Who is Buchanan?)

Nick Carraway

Lynda
    $1000 25
(C: What is RU-189?)
(R: What is RU-421?)

RU-486

ChrisRoger
Triple Stumper

Scores at the end of the Double Jeopardy! Round:

Chris Roger Lynda
$400 $7,000 $5,400

[wagering suggestions for these scores]

Final Jeopardy! Round responses

19th CENTURY POLITICS
(Alex: A long time ago!)
ChrisWhat are draft riots?
$400
LyndaWhat was the Republican Convention?
$4,000
RogerWhat are strikes?
$6,199
the Lincoln-Douglas Debates for Senator in Illinois

Final scores:

Chris Roger Lynda
$0 $801 $1,400
3rd place: Pair of Croton His & Her Watches 2nd place: Whirlpool Refrigerator, Range & Dishwasher & Wolfgang Puck Cookware New champion: $1,400

Game dynamics:

Coryat scores:

Chris Roger Lynda
$1,600 $6,300 $6,400
16 R,
7 W
(including 1 DD)
17 R
(including 1 DD),
2 W
16 R,
2 W
(including 1 DD)

Combined Coryat: $14,300

[game clues] [game scores] [suggest correction]

Game tape date: 1997-02-04
The J! Archive is created by fans, for fans. Scraping, republication, monetization, and malicious use prohibited; this site may use cookies and collect identifying information. See terms. The Jeopardy! game show and all elements thereof, including but not limited to copyright and trademark thereto, are the property of Jeopardy Productions, Inc. and are protected under law. This website is not affiliated with, sponsored by, or operated by Jeopardy Productions, Inc. Join the discussion at JBoard.tv.